Romancero popular de la montaña (Record no. 132589)

MARC details
000 -LEADER
campo de control de longitud fija 00821nam a2200217 i 4500
001 - NÚMERO DE CONTROL
campo de control 132589
003 - IDENTIFICADOR DE NÚMERO DE CONTROL
campo de control ES-MaACL
005 - FECHA Y HORA DE LA ÚLTIMA TRANSACCIÓN
campo de control 20231226173829.0
007 - CAMPO FIJO DE DESCRIPCIÓN FÍSICA--INFORMACIÓN GENERAL
campo de control de longitud fija t|
008 - DATOS DE LONGITUD FIJA--INFORMACIÓN GENERAL
campo de control de longitud fija 070214s1933 sp |||| | spa d
245 00 - MENCIÓN DEL TÍTULO
Título Romancero popular de la montaña
Resto del título : colección de romances tradicionales /
Mención de responsabilidad, etc. recogidos y ordenados por J. Mª de Cossío y Tomás Maza Solano.
260 ## - PUBLICACIÓN, DISTRIBUCIÓN, ETC.
Lugar de publicación, distribución, etc. Santander :
Nombre del editor, distribuidor, etc. [s.n.],
Fecha de publicación, distribución, etc. 1933 (
Fabricante Imp. de la Librería Moderna)
300 ## - DESCRIPCIÓN FÍSICA
Extensión 2 v. ;
Dimensiones 22 cm.
500 ## - NOTA GENERAL
Nota general Precede al tít : Sociedad Menéndez Pelayo.
650 #4 - PUNTO DE ACCESO ADICIONAL DE MATERIA--TÉRMINO DE MATERIA
Término de materia o nombre geográfico como elemento de entrada Romances-
Subdivisión geográfica Cantabria (Comunidad Autónoma)
9 (RLIN) 169567
700 1# - ENTRADA AGREGADA--NOMBRE PERSONAL
Nombre de persona Cossío, José María de,
Fechas asociadas al nombre 1893-1977
9 (RLIN) 41017
700 1# - ENTRADA AGREGADA--NOMBRE PERSONAL
Nombre de persona Maza Solano, Tomás.
9 (RLIN) 79455
710 2# - ENTRADA AGREGADA--NOMBRE DE ENTIDAD CORPORATIVA
Nombre de entidad corporativa o nombre de jurisdicción como elemento de entrada Sociedad Menéndez Pelayo
9 (RLIN) 6793
852 ## - LOCALIZACIÓN
Ubicación ES-MaACL
Número de control de estantería B-9516-17
Holdings
Estatus retirado Estado de pérdida Estado de daño No para préstamo Biblioteca de origen Biblioteca actual Ubicación en estantería Fecha de adquisición Fuente de adquisición Total de préstamos Signatura topográfica completa Código de barras Visto por última vez Precio de reemplazo Tipo de ítem Koha
        Biblioteca del Ateneo de Madrid Biblioteca del Ateneo de Madrid Sala Pardo Bazán 17/01/2008     B-9516-17 1138040 23/02/2023 23/02/2023 Libro impreso